000 01007nam a2200265Ia 4500
003 OSt
005 20220923211528.0
006 a|||||r|||| 00| 0
007 ta
008 220922b |||||||| |||| 00| 0 san d
020 _a9789381484128 (hbk)
_c1500
024 _a263,954
037 _b52, 12/06/2012, Eastern Book Linkers
_cTextual
040 _aARTS
_cARTS
_bsan
041 _2san
_asan
082 _aQ22:222, 152Q2
100 _aद्विवेदी, शिवप्रसाद, संपा.
_9160701
245 0 _aश्रीविष्णुमहापुराणम्
246 _aShrīviṣhṇuhināpurāṇam
260 _aवाराणसी
_b चौखम्बा सुरभारती
_c2012
300 _a575पृ0
_ccm.
650 _aधर्मशास्त्र
942 _hQ22:222, 152Q2
_cTEXL
_2CC
999 _c300467
_d300467